| 000 | 00910nam a2200205 i 4500 | ||
|---|---|---|---|
| 001 | 187979 | ||
| 003 | ES-MaACL | ||
| 005 | 20230906223055.0 | ||
| 008 | 180405s1962 sp |||| | spa d | ||
| 110 | 2 |
_aConsejo Económico Sindical Provincial (Lérida) _9164522 |
|
| 245 | 1 | 0 | _aPerspectivas de desarrollo económico de la provincia de Lérida (en los próximos cinco años) [ y anexo]. |
| 260 |
_a[S.l. : _bs.n.], _c1962 ( _eMadrid : _fHispalense Industrial) |
||
| 300 |
_a2 v. ; _c28 cm. |
||
| 490 | 1 |
_aOrganizacion Sindical. Consejo Económico Nacional. Gabinete Técnico ; _v27 y anexo |
|
| 594 | _aPrecede al tít.: Consejo Económico Sindical Provincial, Lérida. | ||
| 651 | 4 |
_aLérida (Provincia)- _xSituación económica. _9164523 |
|
| 830 | 0 |
_aOrganizacion Sindical. Consejo Económico Nacional. Gabinete Técnico ; _v27 y anexo _9192940 |
|
| 852 |
_aES-MaACL _jB-13773-74 |
||
| 999 |
_c187979 _d187979 |
||